<?xml version="1.0" encoding="UTF-8"?>
<record
    xmlns:xsi="http://www.w3.org/2001/XMLSchema-instance"
    xsi:schemaLocation="http://www.loc.gov/MARC21/slim http://www.loc.gov/standards/marcxml/schema/MARC21slim.xsd"
    xmlns="http://www.loc.gov/MARC21/slim">

  <leader>01847njm a2200373Ia 4500</leader>
  <controlfield tag="001">25887</controlfield>
  <controlfield tag="003">IT-RoPAU</controlfield>
  <controlfield tag="005">20220918181118.0</controlfield>
  <controlfield tag="008">131025s9999    xx            000 0 und d</controlfield>
  <datafield tag="040" ind1=" " ind2=" ">
    <subfield code="a">IT-RoPAU</subfield>
  </datafield>
  <datafield tag="040" ind1=" " ind2=" ">
    <subfield code="c">IT-RoPAU</subfield>
  </datafield>
  <datafield tag="999" ind1=" " ind2=" ">
    <subfield code="c">99596</subfield>
    <subfield code="d">99596</subfield>
  </datafield>
  <datafield tag="999" ind1=" " ind2=" ">
    <subfield code="b">SI</subfield>
  </datafield>
  <datafield tag="100" ind1=" " ind2=" ">
    <subfield code="a">AA.VV.</subfield>
    <subfield code="9">794</subfield>
  </datafield>
  <datafield tag="100" ind1=" " ind2=" ">
    <subfield code="e">Autore musica</subfield>
    <subfield code="9">14724</subfield>
  </datafield>
  <datafield tag="100" ind1=" " ind2=" ">
    <subfield code="g">Codice autore musica SPICS: 12000</subfield>
    <subfield code="9">796</subfield>
  </datafield>
  <datafield tag="245" ind1=" " ind2=" ">
    <subfield code="a">Monk On Riverside 1957-58, vol. 09</subfield>
  </datafield>
  <datafield tag="250" ind1=" " ind2=" ">
    <subfield code="a">2a ed.</subfield>
  </datafield>
  <datafield tag="260" ind1=" " ind2=" ">
    <subfield code="a">MILANO</subfield>
  </datafield>
  <datafield tag="260" ind1=" " ind2=" ">
    <subfield code="b">RIVERSIDE RECORDS</subfield>
    <subfield code="c">1984 [1a Ed.:1958 - Ed. Lingua Orig.: 1958]</subfield>
  </datafield>
  <datafield tag="300" ind1=" " ind2=" ">
    <subfield code="a">DISCO</subfield>
  </datafield>
  <datafield tag="300" ind1=" " ind2=" ">
    <subfield code="c">40 minuti (Testo:  pag.)</subfield>
  </datafield>
  <datafield tag="500" ind1=" " ind2=" ">
    <subfield code="a">Musica jazz</subfield>
  </datafield>
  <datafield tag="505" ind1=" " ind2=" ">
    <subfield code="a">Argentia [(25 febbraio 1958) (7:00)] - One Foot in the Gutter (8:00) - Moonlight Fiesta (3:00) - Let's Cool One (5:00) - Coming On the Hudson [(25 febbraio 1958) (7:00)] - In Orbit (5:00) - Trust In Me (5:00) - Pea Eye (5:00)</subfield>
  </datafield>
  <datafield tag="511" ind1=" " ind2=" ">
    <subfield code="a">Byrd Donald: trumpet; Griffin Johnny: tenor, sax; Adams Pepper: baritone, sax; Monk Theolonius: piano; Ware Wilbur: basso; Jones Philly Joe: drums</subfield>
  </datafield>
  <datafield tag="650" ind1=" " ind2=" ">
    <subfield code="a">JAZZ [DISCHI]</subfield>
    <subfield code="e">Codice MATERIA SPICS: 9950</subfield>
    <subfield code="9">14725</subfield>
  </datafield>
  <datafield tag="700" ind1=" " ind2=" ">
    <subfield code="a">Monk Thelonious</subfield>
    <subfield code="g">Codice interprete SPICS: 10795</subfield>
    <subfield code="e">Interprete</subfield>
    <subfield code="9">14726</subfield>
  </datafield>
  <datafield tag="700" ind1=" " ind2=" ">
    <subfield code="a">Terry Clark</subfield>
    <subfield code="g">Codice autore musica SPICS: 13031</subfield>
    <subfield code="e">Autore musica</subfield>
    <subfield code="p">Argentia - One Foot in the Gutter - In Orbit - Pea Eye</subfield>
    <subfield code="9">14727</subfield>
  </datafield>
  <datafield tag="700" ind1=" " ind2=" ">
    <subfield code="a">Mills Irving</subfield>
    <subfield code="g">Codice autore musica SPICS: 13027</subfield>
    <subfield code="e">Autore musica</subfield>
    <subfield code="p">Moonlight Fiesta</subfield>
    <subfield code="9">14728</subfield>
  </datafield>
  <datafield tag="700" ind1=" " ind2=" ">
    <subfield code="a">Tizol Juan</subfield>
    <subfield code="g">Codice autore SPICS: 20356</subfield>
    <subfield code="e">Autore</subfield>
    <subfield code="p">Moonlight Fiesta</subfield>
    <subfield code="9">14729</subfield>
  </datafield>
  <datafield tag="700" ind1=" " ind2=" ">
    <subfield code="a">Monk Thelonious</subfield>
    <subfield code="g">Codice autore musica SPICS: 10795</subfield>
    <subfield code="e">Autore musica</subfield>
    <subfield code="p">Let's Cool One - Coming On the Hudson</subfield>
    <subfield code="9">14730</subfield>
  </datafield>
  <datafield tag="700" ind1=" " ind2=" ">
    <subfield code="a">Milton</subfield>
    <subfield code="g">Codice autore musica SPICS: 27928</subfield>
    <subfield code="e">Autore musica</subfield>
    <subfield code="p">Trust In Me</subfield>
    <subfield code="9">14731</subfield>
  </datafield>
  <datafield tag="700" ind1=" " ind2=" ">
    <subfield code="a">Schwartz A.</subfield>
    <subfield code="g">Codice autore SPICS: 15555</subfield>
    <subfield code="e">Autore</subfield>
    <subfield code="p">Trust In Me</subfield>
    <subfield code="9">14732</subfield>
  </datafield>
  <datafield tag="942" ind1=" " ind2=" ">
    <subfield code="c">MD</subfield>
    <subfield code="2">ddc</subfield>
  </datafield>
  <datafield tag="952" ind1=" " ind2=" ">
    <subfield code="0">0</subfield>
    <subfield code="1">0</subfield>
    <subfield code="4">0</subfield>
    <subfield code="6">25887_000000000000000</subfield>
    <subfield code="7">1</subfield>
    <subfield code="a">SPICS</subfield>
    <subfield code="b">SPICS</subfield>
    <subfield code="d">2013-10-25</subfield>
    <subfield code="l">0</subfield>
    <subfield code="o">25887</subfield>
    <subfield code="r">2013-10-25 00:00:00</subfield>
    <subfield code="w">2013-10-25</subfield>
    <subfield code="y">MD</subfield>
    <subfield code="z">Progr. Ins.: 5760 / N.Vol.: 1 / Copie: 1 - Copia rara: SI / date import: 01.01.2014 - By Epidotti, Trombetti, Vaglietti</subfield>
  </datafield>
</record>
